000 00442nam a22001817a 4500
005 20160113142358.0
008 160113b xxu||||| |||| 00| 0 eng d
020 _c200
040 _aLoreto College
041 _aBengali
082 _a790.2
_bDUT-SAH
245 _aUttpal Dutta
_b:ek samogrik abolokon
300 _a632p.
650 _aRecreational & performing arts
700 _4ed.
_aSaha, Nripendra
850 _aLCLIB
942 _cBK
999 _c40281
_d90760